| 000 | 00673nam a2200253 i 4500 | ||
|---|---|---|---|
| 001 | C2-0316188 | ||
| 003 | PPAK | ||
| 005 | 20180729164958.0 | ||
| 008 | 120722s2012 enk|||| ||||| | eng d | ||
| 020 | _a9780415618540 | ||
| 040 |
_aPPAK _beng _cPPAK _erda |
||
| 082 | 0 | 4 |
_a658.4092 _223 |
| 090 | 0 | 0 |
_a658.4092 _bRIC _dR |
| 100 | 1 |
_aRickards, Tudor, _eauthor |
|
| 245 | 1 | 0 | _aDilemmas of leadership |
| 250 | _aSecond edition | ||
| 264 | 1 |
_aLondon : _bRoutledge , _c2012 |
|
| 300 |
_axii, 263 pages : _bcolour ; _c24 cm |
||
| 336 |
_2rdacontent _atext |
||
| 337 |
_2rdamedia _aunmediated |
||
| 338 |
_2rdacarrier _avolume |
||
| 650 | 1 | 0 | _aLeadership. |
| 942 |
_ddc _cB |
||
| 999 |
_c117330 _d117330 |
||